| 000 | 00853nam a2200241 a 4500 | ||
|---|---|---|---|
| 001 | BRCA_1040 | ||
| 005 | 20190320203243.0 | ||
| 008 | 920204s1990 xxca---##b---#000-0#eng-# | ||
| 020 | _a0888845936 | ||
| 040 |
_aDLC _cDLC |
||
| 050 | 4 |
_aNB249.L3 _b.V55 1990 |
|
| 100 | 1 |
_aVilleneuve, René _93429 |
|
| 245 | 1 | 0 |
_aThe Tabernacle of Paul Jourdain _cRené Villeneuve. |
| 260 |
_aOttawa _bNational Gallery of Canada _c1990 |
||
| 300 |
_a94 p. _bil. _c26 cm. |
||
| 504 | _aBibliografía: p. 91-94 | ||
| 600 | 1 | 4 |
_aLabrosse, Paul _d1697-1769 _tTabernáculo _93430 |
| 600 | 1 | 4 |
_aLabrosse, Paul _d1697-1769 _tCrítica e interpretación _93431 |
| 650 | 1 | 4 |
_aEscultura colonial _zCanadá _93432 |
| 650 | 1 | 4 |
_aTabernáculos (Iglesia de muebles) _xHistoria _ySiglo XVIII _zCanadá _93433 |
| 650 | 1 | 4 |
_aTalla en madera _xEscultura _ySiglo XVIII _zCanadá _93434 |
| 942 |
_2lcc _cB |
||
| 999 |
_c919 _d919 |
||